Sindicalismo y socialismo democrático

Gespeichert in:
Bibliographische Detailangaben
Körperschaft: CEDAL
Format: Text
Veröffentlicht: San José :
Tags: Tag hinzufügen
Keine Tags, Fügen Sie den ersten Tag hinzu!

MARC

LEADER 00000 a a2200000 04500
001 16771
003
040
090 |a 010403  
110 |a CEDAL  
245 |a Sindicalismo y socialismo democrático  
260 |a San José :  
300 |a 4 p  
999 |c 12148  |d 12148